000 00904nam a2200277Ia 4500
003 GCL
005 20240530103435.0
008 140319s9999 xx 000 0 ara d
040 _aGCL /
_cGCL
082 0 4 _a301.44
_bب ن
100 1 _aبور، ايلين
245 1 0 _aنماذج بشرية من العصور الوسطى/
_cبور، ايلين
260 _aبيروت :
_bمنشورات دار الثقافة ،
_c1957
300 _a263 ص ؛
_c12 سم
650 0 4 _aالعادات والتقاليد
650 0 4 _aالمرأة
650 0 4 _aالطبقات الاجتماعية
650 0 4 _aالعصور الوسطى
650 0 4 _aالاجتماع، علم
650 0 4 _aالقرويون
650 0 4 _aالتجار
700 1 _aمحمد توفيق حسين
_eمترجم
700 1 _aنقولا زيادة
_eمراجع
700 1 _aفؤاد ترزى
_eمراجع
942 _2ddc
_cBK
999 _c39401
_d39401